000 00657nam a2200277Ia 4500
005 20260324111310.0
008 008 260324s9999 xx 000 0 eng d
020 _a9781003470595
037 _aEBOOK
040 _aCRL
040 _beng
040 _cCRL
041 _2eng
041 _aeng
084 _qCRL
100 _aMiƂosz J. Cordes
_91137978
245 0 _aCollective Memory in Post-Soviet Kaliningrad Oblast
260 _bTaylor and Francis
260 _c2025
365 _a
365 _b230
856 _uhttp://www.taylorfrancis.com/books/9781003470595
942 _cEBOOK
999 _c1726755
_d1726755